Mit links zum Abitur in Deutsch : interná časť maturitnej skúšky : cvičenia /

Uložené v:
Podrobná bibliografia
Hlavní autori: Menzlová, Beata, Paar, Verena (Author), Dvorecký, Michal (Author)
Médium: Kniha
Jazyk:German
Vydané: Bratislava : Príroda, 2009.
Vydanie:1. vyd.
Edícia:Nová maturita
Témy:
ISBN: 9788007016941 (brož.)
Fyzický popis: 136 s. : fotogr. ; 29 cm.
Tagy: Pridať tag
Žiadne tagy, Buďte prvý kto otaguje tento záznam!

MARC

LEADER 00000nam a2200000 a 4500
001 000353003
005 20091130083908.0
008 090911s2009 xo ao d 000 0 ger d
020 |a 9788007016941 (brož.) 
040 |a SVKKK  |b slo  |c SVKKK  |e AACR2 
041 0 |a ger 
044 |a xo  |c SK 
072 7 |a 811.112.2  |x Nemčina  |2 konspekt 
072 7 |a 37.016  |x Učebné osnovy. Vyučovacie predmety. Učebnice  |2 konspekt 
080 |a 811.112.2  |2 2001 
080 |a 371.279.5/.6  |2 2001 
080 |a (076.1)  |2 2001 
080 |a (075.3)  |2 2001 
100 1 |a Menzlová, Beata 
245 1 0 |a Mit links zum Abitur in Deutsch :  |b interná časť maturitnej skúšky : cvičenia /  |c Beata Menzlová, Verena Paar, Michal Dvorecký. 
246 3 4 |a Nová maturita z nemeckého jazyka. Interná časť. Ústna forma 
250 |a 1. vyd. 
260 |a Bratislava :  |b Príroda,  |c 2009. 
300 |a 136 s. :  |b fotogr. ;  |c 29 cm. 
490 1 |a Nová maturita 
650 0 7 |a nemčina  |2 SVKKKPH 
650 0 7 |a maturitné skúšky  |2 SVKKKPH 
655 7 |a testy  |2 SVKKKPH 
655 7 |a učebnice stredných škôl  |2 SVKKKPH 
700 1 |a Paar, Verena  |4 aut 
700 1 |a Dvorecký, Michal  |4 aut 
830 0 |a Nová maturita 
910 |a svkkk 
919 |a 978-80-07-016941 
998 |a BK 
090 |g SCKHL  |k Sklad Hlavná 10 prízemie  |a V.222410  |j 1011097  |i 2720159237  |s Absenčne